[Event "2018 O2C Doeberl Cup Premier"]
[Site "Canberra, Australia"]
[Date "2018.03.29"]
[Round "2.16"]
[White "Slater-Jones, Henry"]
[Black "Fasakin, Oladoyin"]
[Result "1-0"]
[WhiteElo "1869"]
[BlackElo "1984"]
[PlyCount "91"]
[EventDate "2018.03.29"]

1. d4 Nf6 2. Nf3 c5 3. d5 b5 4. c4 e6 5. Bg5 Qa5+ 6. Qd2 Qxd2+ 7. Nbxd2 bxc4 8.
e4 Bb7 9. Bxf6 gxf6 10. Bxc4 Na6 11. O-O Nc7 12. Rad1 O-O-O 13. Nb1 Rg8 14. Nc3
Ne8 15. Nd2 Nd6 16. Bd3 Rg5 17. Nc4 h5 18. f4 Rg8 19. e5 Nxc4 20. Bxc4 f5 21.
Rf2 Bh6 22. Nb5 Bf8 23. Nxa7+ Kb8 24. Nb5 Be7 25. Nc3 Rg6 26. Na4 exd5 27. Bxd5
Bxd5 28. Rxd5 d6 29. Rfd2 Kc7 30. exd6+ Rgxd6 31. Rxc5+ Kb7 32. Rxd6 Rxd6 33.
Rxf5 Rd4 34. Rxf7 Rxa4 35. Rxe7+ Kc6 36. g3 Rxa2 37. Re2 Kd5 38. Kf2 Kd4 39. h3
Kd3 40. g4 Ra4 41. Kf3 h4 42. f5 Ra1 43. f6 Ra6 44. g5 Ra5 45. Rf2 Rxg5 46. f7
1-0

[Event "2018 O2C Doeberl Cup Premier"]
[Site "Canberra, Australia"]
[Date "2018.03.29"]
[Round "2.17"]
[White "Lam, Daniel King-Wai"]
[Black "Winkelman, Albert"]
[Result "1/2-1/2"]
[WhiteElo "2215"]
[BlackElo "2010"]
[PlyCount "57"]
[EventDate "2018.03.29"]

1. d4 Nf6 2. c4 e6 3. Nc3 Bb4 4. f3 d5 5. a3 Bxc3+ 6. bxc3 c5 7. cxd5 exd5 8.
e3 c4 9. Ne2 Bf5 10. Ng3 Bg6 11. e4 dxe4 12. Bxc4 O-O 13. fxe4 Qc7 14. Qb3 Nc6
15. Bd3 Nxe4 16. Nxe4 Bxe4 17. Bxe4 Rae8 18. O-O Rxe4 19. Rb1 Na5 20. Qd5 Rfe8
21. c4 Nc6 22. Bb2 Qe7 23. Ba1 Rd8 24. Qb5 Nxd4 25. Qxb7 Ne2+ 26. Kh1 Qxb7 27.
Rxb7 Rf4 28. Re1 Re4 29. Rf1 1/2-1/2

[Event "2018 O2C Doeberl Cup Premier"]
[Site "Canberra, Australia"]
[Date "2018.03.29"]
[Round "2.18"]
[White "Mallari, Donato"]
[Black "Kargosha, Bahman"]
[Result "0-1"]
[WhiteElo "1966"]
[BlackElo "2211"]
[PlyCount "86"]
[EventDate "2018.03.29"]

1. e4 e5 2. Nf3 Nc6 3. Bb5 a6 4. Ba4 Nf6 5. d3 b5 6. Bb3 Be7 7. c3 d6 8. a4 Bd7
9. a5 O-O 10. Bc2 b4 11. Bg5 Rb8 12. Nbd2 d5 13. c4 d4 14. Ba4 Ng4 15. Bxe7
Qxe7 16. Bxc6 Bxc6 17. O-O Nf6 18. b3 Nd7 19. Qe2 Nc5 20. Rfe1 Rbd8 21. g4 Rd6
22. h3 Bd7 23. Kh2 Rh6 24. Rg1 Ne6 25. Rg3 Nf4 26. Qf1 c5 27. Ng1 Qd8 28. Qd1
Qc8 29. Qf3 Kh8 30. Qd1 g6 31. Ra2 f5 32. exf5 gxf5 33. g5 Re6 34. Ne2 Ng6 35.
f3 Bc6 36. Qg1 Qc7 37. Qf2 e4 38. Nxd4 cxd4 39. Qxd4+ Kg8 40. fxe4 f4 41. Rf3
Nh4 42. Qc5 Nxf3+ 43. Nxf3 Qd6 0-1

[Event "2018 O2C Doeberl Cup Premier"]
[Site "Canberra, Australia"]
[Date "2018.03.29"]
[Round "2.19"]
[White "Yu, Sally"]
[Black "Zulfic, Fedja"]
[Result "1/2-1/2"]
[WhiteElo "1960"]
[BlackElo "2156"]
[PlyCount "102"]
[EventDate "2018.03.29"]

1. e4 c5 2. Nf3 Nc6 3. d4 cxd4 4. Nxd4 e5 5. Nb5 d6 6. N1c3 a6 7. Na3 Be6 8.
Nd5 Nf6 9. Bg5 Bxd5 10. Bxf6 Qa5+ 11. c3 Bxe4 12. Nc4 Qd5 13. Qxd5 Bxd5 14. Nb6
Rb8 15. Nxd5 gxf6 16. Nxf6+ Ke7 17. Nd5+ Ke6 18. O-O-O Bh6+ 19. Kb1 Rhd8 20. g3
f5 21. Bh3 Rg8 22. Nc7+ Kd7 23. Nd5 Ke6 24. Rhe1 Rg5 25. Bg2 Bg7 26. h4 Rg4 27.
Bh3 Ra4 28. Nb6 Ra5 29. Nc4 d5 30. Nxa5 Nxa5 31. f4 e4 32. Bxf5+ Kxf5 33. Rxd5+
Kg4 34. Rxa5 Kf3 35. Rd5 e3 36. Kc2 Re8 37. Kd1 e2+ 38. Kd2 Kf2 39. g4 b5 40.
a3 a5 41. Rd7 Bf8 42. f5 Bc5 43. Rxe2+ Rxe2+ 44. Kc1 a4 45. Rxh7 Re1+ 46. Kc2
Be3 47. Re7 Kf3 48. g5 Rc1+ 49. Kd3 Rd1+ 50. Kc2 Rc1+ 51. Kd3 Rd1+ 1/2-1/2

[Event "2018 O2C Doeberl Cup Premier"]
[Site "Canberra, Australia"]
[Date "2018.03.29"]
[Round "2.20"]
[White "Wright, Neil S"]
[Black "Lam, Ross"]
[Result "1-0"]
[WhiteElo "2110"]
[BlackElo "1924"]
[PlyCount "51"]
[EventDate "2018.03.29"]

1. e4 e5 2. Nf3 Nc6 3. d4 exd4 4. Nxd4 Bb4+ 5. c3 Be7 6. Nf5 Bf6 7. Ne3 g6 8.
Bc4 Nge7 9. Qf3 Ng8 10. Ng4 d6 11. Nxf6+ Qxf6 12. Qxf6 Nxf6 13. f3 Be6 14. Bb5
h6 15. Be3 Kf8 16. Nd2 Kg7 17. O-O-O d5 18. Bxc6 bxc6 19. Bd4 Rhe8 20. Nb3 g5
21. h4 dxe4 22. fxe4 Kg6 23. Nc5 a5 24. Rdf1 Ng4 25. Nxe6 Rxe6 26. h5+ 1-0

[Event "2018 O2C Doeberl Cup Premier"]
[Site "Canberra, Australia"]
[Date "2018.03.30"]
[Round "3.1"]
[White "Sukandar, Irine Kharisma"]
[Black "Ma, Qun"]
[Result "1-0"]
[WhiteElo "2408"]
[BlackElo "2645"]
[PlyCount "93"]
[EventDate "2018.03.29"]

1. e4 c5 2. Nf3 Nc6 3. Bb5 e6 4. Bxc6 bxc6 5. d3 Ne7 6. b3 f6 7. Nh4 e5 8. O-O
d5 9. Nc3 h5 10. f4 exf4 11. exd5 g5 12. Ne4 gxh4 13. Nxf6+ Kf7 14. Nxh5 Nf5
15. Bb2 Rh6 16. Nxf4 cxd5 17. Qg4 d4 18. Rae1 Rb8 19. Bc1 Rbb6 20. Nh3 Rhg6 21.
Rxf5+ Bxf5 22. Qxf5+ Rbf6 23. Qh5 Kg8 24. Nf4 Rg7 25. Qxh4 Bd6 26. Qh5 Rff7 27.
g3 Qg5 28. Qxg5 Rxg5 29. Re8+ Rf8 30. Re4 Re5 31. Rxe5 Bxe5 32. Ng6 Re8 33.
Nxe5 Rxe5 34. Kf2 a6 35. g4 Re6 36. Bf4 Rf6 37. Kf3 Re6 38. Kf2 Rf6 39. Kf3 Re6
40. h4 Re1 41. g5 Rf1+ 42. Kg4 Rf2 43. h5 Rxc2 44. g6 Rxa2 45. h6 Re2 46. Kf5
Rf2 47. Ke4 1-0

[Event "2018 O2C Doeberl Cup Premier"]
[Site "Canberra, Australia"]
[Date "2018.03.30"]
[Round "3.2"]
[White "Gareyev, Timur"]
[Black "Dale, Ari"]
[Result "1-0"]
[WhiteElo "2590"]
[BlackElo "2374"]
[PlyCount "49"]
[EventDate "2018.03.29"]

1. d4 Nf6 2. c4 g6 3. Nc3 Bg7 4. e4 d6 5. f4 c5 6. d5 O-O 7. Bd3 e6 8. Nf3 exd5
9. cxd5 Re8 10. O-O c4 11. Bc2 Qb6+ 12. Kh1 Nbd7 13. Qe2 Nc5 14. Qxc4 Bd7 15.
e5 Rac8 16. exf6 Bxf6 17. f5 Bxc3 18. bxc3 Bb5 19. Qd4 Bxf1 20. Bh6 Ne6 21.
fxe6 Qxd4 22. Nxd4 Bc4 23. Ba4 b5 24. Nxb5 Bxb5 25. Bxb5 1-0

[Event "2018 O2C Doeberl Cup Premier"]
[Site "Canberra, Australia"]
[Date "2018.03.30"]
[Round "3.3"]
[White "Lane, Gary W"]
[Black "Sengupta, Deep"]
[Result "0-1"]
[WhiteElo "2385"]
[BlackElo "2579"]
[PlyCount "150"]
[EventDate "2018.03.29"]

1. e4 e6 2. d4 d5 3. Nd2 c5 4. exd5 Qxd5 5. dxc5 Bxc5 6. Ngf3 Nc6 7. Bc4 Qd7 8.
O-O Nf6 9. Qe2 Qc7 10. Ne4 Be7 11. Bg5 Bd7 12. Bh4 Nxe4 13. Qxe4 Bxh4 14. Qxh4
Ne5 15. Nxe5 Qxe5 16. c3 g5 17. Qh5 Qe4 18. Qe2 Qxe2 19. Bxe2 O-O-O 20. Rad1
Bc6 21. Rxd8+ Rxd8 22. Rd1 Rxd1+ 23. Bxd1 Kc7 24. f3 f5 25. Kf2 Kd6 26. a4 a5
27. g3 Ke5 28. Ke3 f4+ 29. gxf4+ gxf4+ 30. Ke2 h6 31. Bc2 Kd5 32. b3 Kc5 33.
Bd1 e5 34. Bc2 Bd5 35. Kf2 b6 36. Ke2 Be6 37. Kd2 Bf7 38. Ke2 Kd6 39. Kf2 Bd5
40. Ke2 Ke7 41. Kf2 Kf6 42. b4 Ke7 43. Ke2 Kd6 44. Bd1 e4 45. fxe4 Bxe4 46. Kf2
Bc6 47. Ke2 Ke5 48. Kd3 Be4+ 49. Ke2 Bb7 50. Kf2 Bc6 51. Bc2 Be8 52. Bd1 Bd7
53. Bc2 Bc6 54. Bd1 Bb7 55. Be2 Bc6 56. Bd1 Kf5 57. h4 Ke5 58. Bc2 Kf6 59. Ke2
Ke6 60. Kf2 Ke5 61. Ke2 b5 62. axb5 Bxb5+ 63. Kf2 a4 64. c4 a3 65. Bb3 Bd7 66.
Ba2 Kd4 67. Kf3 Kc3 68. c5 Kxb4 69. Kxf4 Kxc5 70. Ke5 Bb5 71. Kf6 Bc4 72. Bb1
Kd4 73. Kg7 h5 74. Kh6 Kc3 75. Kxh5 Kb2 0-1

[Event "2018 O2C Doeberl Cup Premier"]
[Site "Canberra, Australia"]
[Date "2018.03.30"]
[Round "3.4"]
[White "Morris, James"]
[Black "Goh, Sean Christian"]
[Result "1-0"]
[WhiteElo "2461"]
[BlackElo "1837"]
[PlyCount "55"]
[EventDate "2018.03.29"]

1. d4 d5 2. c4 e6 3. Nc3 c6 4. Nf3 dxc4 5. a4 Bb4 6. g3 c5 7. Bg2 Nc6 8. Be3
Nf6 9. dxc5 Nd5 10. Bd2 Bxc5 11. O-O O-O 12. Qc2 Ndb4 13. Qe4 Nd4 14. Rad1 Nbc6
15. Nxd4 Qxd4 16. Qc2 Qg4 17. Ne4 Bb6 18. Qxc4 Nd4 19. a5 Qxe2 20. Qxe2 Nxe2+
21. Kh1 Bc7 22. Bb4 Rd8 23. Rxd8+ Bxd8 24. Rd1 Bc7 25. Bf3 f5 26. Nd6 Nxg3+ 27.
hxg3 e5 28. Bd5+ 1-0

[Event "2018 O2C Doeberl Cup Premier"]
[Site "Canberra, Australia"]
[Date "2018.03.30"]
[Round "3.5"]
[White "Chen, Pengyu"]
[Black "Mu, Ke"]
[Result "0-1"]
[WhiteElo "2273"]
[BlackElo "2450"]
[PlyCount "96"]
[EventDate "2018.03.29"]

1. c4 Nf6 2. Nc3 e6 3. d4 d5 4. cxd5 exd5 5. Bg5 c6 6. e3 Be7 7. Bd3 Nbd7 8.
Nge2 h6 9. Bh4 Nh5 10. Bxe7 Qxe7 11. Qc2 Nb6 12. O-O-O Be6 13. Kb1 O-O-O 14. h3
Kb8 15. g4 Nf6 16. Ng3 g6 17. f3 Ne8 18. h4 Nd6 19. Na4 Nxa4 20. Qxa4 Rhe8 21.
h5 g5 22. Rde1 Qc7 23. Qc2 Re7 24. Rd1 Rde8 25. Rhe1 Bc8 26. Qd2 c5 27. dxc5
Qxc5 28. Nf1 Bd7 29. Qc2 Qb6 30. Qd2 a6 31. Ka1 Ka7 32. Qc3 Bc6 33. Qa3 Re6 34.
Rc1 Rf6 35. f4 gxf4 36. exf4 Rxe1 37. Rxe1 Qf2 38. Rd1 Qxf4 39. Qc5+ Kb8 40.
Bxa6 Qxg4 41. Ne3 Qe6 42. a3 bxa6 43. Qxc6 Qxe3 44. Rxd5 Rf4 45. Ka2 Nb7 46.
Qxa6 Qe6 47. Qxe6 fxe6 48. Re5 Rf6 0-1

[Event "2018 O2C Doeberl Cup Premier"]
[Site "Canberra, Australia"]
[Date "2018.03.30"]
[Round "3.6"]
[White "Smirnov, Anton"]
[Black "Stojic, Dusan"]
[Result "0-1"]
[WhiteElo "2543"]
[BlackElo "2265"]
[PlyCount "112"]
[EventDate "2018.03.29"]

1. e4 c5 2. Nf3 d6 3. d4 cxd4 4. Nxd4 Nf6 5. Nc3 a6 6. Be3 e5 7. Nde2 Ng4 8.
Qd2 Nxe3 9. Qxe3 Nd7 10. O-O-O Nf6 11. g3 h5 12. Bg2 Qc7 13. f4 Be7 14. fxe5 b5
15. Nd5 dxe5 16. h3 Nxd5 17. exd5 Bf5 18. Nc3 Rc8 19. Be4 Bxe4 20. Qxe4 b4 21.
Na4 g6 22. g4 Qc4 23. Qxc4 Rxc4 24. Nb6 Rd4 25. Rxd4 exd4 26. Re1 Kd8 27. Nc4
hxg4 28. hxg4 Bg5+ 29. Kd1 Rh2 30. Re5 Rh1+ 31. Ke2 Rh2+ 32. Kd3 Rh3+ 33. Ke2
Rh2+ 34. Kd1 Rh1+ 35. Re1 Rh2 36. Re4 Be3 37. Nxe3 dxe3 38. Rxe3 Rg2 39. Re4 a5
40. c4 Rxb2 41. d6 Rxa2 42. Re5 b3 43. Rb5 a4 44. c5 Rc2 45. Rb8+ Kd7 46. Rb7+
Ke8 47. Rb8+ Kd7 48. Rb7+ Kc8 49. Rc7+ Kd8 50. c6 a3 51. Rd7+ Kc8 52. Rc7+ Kd8
53. Rd7+ Ke8 54. Rc7 Rxc6 55. d7+ Kd8 56. Rxc6 a2 0-1

[Event "2018 O2C Doeberl Cup Premier"]
[Site "Canberra, Australia"]
[Date "2018.03.30"]
[Round "3.7"]
[White "Bjelobrk, Igor"]
[Black "Slater-Jones, Henry"]
[Result "1-0"]
[WhiteElo "2380"]
[BlackElo "1869"]
[PlyCount "81"]
[EventDate "2018.03.29"]

1. d4 d5 2. c4 e6 3. Nf3 Nf6 4. g3 Be7 5. Bg2 O-O 6. O-O c6 7. Qc2 b6 8. b3 Bb7
9. Nc3 Nbd7 10. Rd1 Rc8 11. e4 dxe4 12. Nxe4 Nxe4 13. Qxe4 Nf6 14. Qc2 Qc7 15.
Bf4 Bd6 16. Bxd6 Qxd6 17. c5 Qc7 18. Ne5 b5 19. a4 a6 20. axb5 axb5 21. Ra7 Nd5
22. Bxd5 exd5 23. Qf5 Rcd8 24. Qf4 Ra8 25. Rda1 Rxa7 26. Rxa7 Ra8 27. Rxa8+
Bxa8 28. Kf1 f6 29. Nd3 Qxf4 30. Nxf4 Bb7 31. h4 Kf7 32. Ke2 b4 33. Kd2 Ba6 34.
Ng2 Ke6 35. Ne1 Kf5 36. f3 g5 37. Ke3 Bc4 38. bxc4 b3 39. Kd3 dxc4+ 40. Kc3 Ke6
41. Ng2 1-0

[Event "2018 O2C Doeberl Cup Premier"]
[Site "Canberra, Australia"]
[Date "2018.03.30"]
[Round "3.8"]
[White "Song, Raymond"]
[Black "Solomon, Stephen J"]
[Result "1/2-1/2"]
[WhiteElo "2233"]
[BlackElo "2349"]
[PlyCount "95"]
[EventDate "2018.03.29"]

1. e4 e5 2. Nf3 Nc6 3. Bc4 Bc5 4. O-O Nf6 5. d3 d6 6. c3 O-O 7. h3 a6 8. Re1
Ba7 9. a4 Ne7 10. Nbd2 Ng6 11. Nf1 c6 12. Ng3 Re8 13. Bb3 h6 14. d4 Be6 15. Bc2
Qc7 16. Be3 Rad8 17. Qe2 Nf4 18. Qd2 g5 19. a5 Qc8 20. h4 Bg4 21. hxg5 hxg5 22.
Nxg5 N6h5 23. Nxh5 Nxh5 24. f3 Bd7 25. Bb3 Be6 26. Nxe6 fxe6 27. Kf2 Kf7 28.
Bg5 Rh8 29. Be3 Rdg8 30. Rh1 Qd8 31. Rh3 Nf6 32. Rxh8 Rxh8 33. dxe5 Bxe3+ 34.
Kxe3 dxe5 35. Qxd8 Rxd8 36. Rd1 Rg8 37. Kf2 Ke7 38. Bc4 Rh8 39. Be2 c5 40. b4
cxb4 41. cxb4 Rc8 42. Rb1 Rc2 43. Ke3 Nh5 44. b5 Nf4 45. Bf1 Ra2 46. g3 Nh5 47.
g4 Nf4 48. bxa6 1/2-1/2

[Event "2018 O2C Doeberl Cup Premier"]
[Site "Canberra, Australia"]
[Date "2018.03.30"]
[Round "3.9"]
[White "Ikeda, Junta"]
[Black "Otawa, Yuto"]
[Result "1-0"]
[WhiteElo "2415"]
[BlackElo "1895"]
[PlyCount "59"]
[EventDate "2018.03.29"]

1. d4 Nf6 2. c4 c5 3. Nf3 e6 4. Nc3 cxd4 5. Nxd4 Bb4 6. Bd2 Nc6 7. Nxc6 bxc6 8.
a3 Be7 9. e4 e5 10. Be2 O-O 11. O-O d6 12. Be3 Be6 13. Qa4 Qd7 14. Rfd1 Rfd8
15. Rac1 Qb7 16. b4 Ng4 17. Bd2 Qb6 18. Rf1 Rd7 19. Nd5 Qb7 20. Nxe7+ Rxe7 21.
c5 d5 22. exd5 cxd5 23. c6 Qc7 24. h3 Nf6 25. b5 e4 26. Qd4 Ne8 27. Qc5 Nd6 28.
Bf4 Rd8 29. a4 Qb6 30. Bxd6 1-0

[Event "2018 O2C Doeberl Cup Premier"]
[Site "Canberra, Australia"]
[Date "2018.03.30"]
[Round "3.10"]
[White "Nguyen, Thu Giang"]
[Black "Kunte, Abhijit"]
[Result "0-1"]
[WhiteElo "2131"]
[BlackElo "2499"]
[PlyCount "68"]
[EventDate "2018.03.29"]

1. e4 c5 2. Nf3 e6 3. d4 cxd4 4. Nxd4 a6 5. c4 Nf6 6. Nc3 Qc7 7. Qd3 b6 8. Be2
Bb7 9. f3 d6 10. Be3 Nbd7 11. b3 Be7 12. Rc1 O-O 13. O-O Rac8 14. Rfd1 Qb8 15.
Nc2 Rfe8 16. Bf4 Ne5 17. Qd2 Bd8 18. Bg5 h6 19. Bxf6 Bxf6 20. Qxd6 Qa7 21. Qd2
b5+ 22. Qe3 Qb8 23. f4 bxc4 24. Nd4 cxb3 25. axb3 Red8 26. fxe5 Bg5 27. Qf2
Bxc1 28. Rxc1 Qxe5 29. Nf3 Qf4 30. Rd1 Rxd1+ 31. Nxd1 Qxe4 32. Bc4 Rd8 33. Nc3
Qf4 34. Qf1 Qe3+ 0-1

[Event "2018 O2C Doeberl Cup Premier"]
[Site "Canberra, Australia"]
[Date "2018.03.30"]
[Round "3.11"]
[White "Chapman, Mark"]
[Black "Wright, Neil S"]
[Result "1-0"]
[WhiteElo "2385"]
[BlackElo "2110"]
[PlyCount "75"]
[EventDate "2018.03.29"]

1. e4 c5 2. Nf3 d6 3. d4 Nf6 4. Nc3 cxd4 5. Nxd4 g6 6. Be3 Bg7 7. f3 Nc6 8. Qd2
O-O 9. O-O-O d5 10. exd5 Nxd5 11. Nxc6 bxc6 12. Bd4 e5 13. Bc5 Be6 14. Ne4 Rb8
15. Bc4 Re8 16. Bb3 Qh4 17. g3 Qh5 18. g4 Qh4 19. Kb1 f5 20. gxf5 gxf5 21. Ng5
Bh6 22. Rhg1 Kh8 23. Bd6 Bg8 24. Bxd5 cxd5 25. Qc3 Bg7 26. Ne6 Bf6 27. Bxb8
Rxb8 28. Rxg8+ Rxg8 29. a3 e4 30. Qb3 Qxh2 31. Rxd5 exf3 32. Rxf5 Qg1+ 33. Ka2
Bg7 34. Ng5 h6 35. Nf7+ Kh7 36. Rxf3 Qg6 37. Rg3 Qf5 38. Nxh6 1-0

[Event "2018 O2C Doeberl Cup Premier"]
[Site "Canberra, Australia"]
[Date "2018.03.30"]
[Round "3.12"]
[White "Tao, Trevor"]
[Black "Cameron, Alistair"]
[Result "1-0"]
[WhiteElo "2366"]
[BlackElo "2104"]
[PlyCount "119"]
[EventDate "2018.03.29"]

1. e4 c5 2. Nf3 e6 3. a3 Nc6 4. Bb5 Nge7 5. O-O a6 6. Bxc6 Nxc6 7. d4 cxd4 8.
Nxd4 Qc7 9. Nxc6 Qxc6 10. Qd4 b5 11. Nc3 Bb7 12. Be3 Rg8 13. Rfd1 g5 14. Qb6
Rc8 15. Rd3 Qxb6 16. Bxb6 b4 17. axb4 Bxb4 18. e5 g4 19. Ra4 Bc5 20. Ne4 Bxe4
21. Rc3 Bxf2+ 22. Kxf2 Rxc3 23. bxc3 f5 24. exf6 Bb7 25. Bc5 Kf7 26. Be7 h5 27.
Ra5 Rh8 28. Rg5 Rh7 29. g3 Be4 30. Ra5 Bxc2 31. Rxa6 Be4 32. Ke3 Bd5 33. Kf4
Rh8 34. Kg5 Bc6 35. Ra2 Be4 36. c4 Rg8+ 37. Kf4 Bc6 38. Ke5 Ra8 39. Rb2 Ra4 40.
c5 Ra8 41. Kd6 h4 42. gxh4 Rh8 43. Rb4 Rxh4 44. Rb8 Rh7 45. Rf8+ Kg6 46. Rg8+
Kf7 47. Rxg4 Bb5 48. h4 Bc6 49. Rb4 Rh8 50. Rg4 Rh7 51. h5 Bf3 52. Rg5 Bc6 53.
h6 Bb5 54. Bd8 Bc6 55. Rg7+ Rxg7 56. hxg7 e5 57. Kxe5 Bg2 58. Kd6 Bh3 59. g8=Q+
Kxg8 60. Ke7 1-0

[Event "2018 O2C Doeberl Cup Premier"]
[Site "Canberra, Australia"]
[Date "2018.03.30"]
[Round "3.13"]
[White "Maguire, Tom"]
[Black "Clarke, Brandon G I"]
[Result "0-1"]
[WhiteElo "2096"]
[BlackElo "2362"]
[PlyCount "76"]
[EventDate "2018.03.29"]

1. d4 Nf6 2. c4 g6 3. Nc3 Bg7 4. e4 d6 5. Nf3 O-O 6. Be2 e5 7. d5 a5 8. Bg5 h6
9. Bh4 Na6 10. Nd2 Qe8 11. a3 Bd7 12. b3 Nh7 13. Rb1 h5 14. f3 Bh6 15. Bf2 Qe7
16. Rb2 h4 17. g4 hxg3 18. hxg3 Kg7 19. g4 Rh8 20. Nf1 Bf4 21. Bg3 Bxg3+ 22.
Nxg3 Ng5 23. Rxh8 Rxh8 24. Bf1 Qf6 25. Bg2 Rh2 26. Rf2 Rxg2 27. Rxg2 Nxf3+ 28.
Kf1 Bxg4 29. Nf5+ Bxf5 30. exf5 Qxf5 31. Rg3 Nd4+ 32. Kg2 Nc5 33. b4 axb4 34.
axb4 Ne4 35. Nxe4 Qxe4+ 36. Kh2 Ne2 37. Rh3 Nf4 38. Rg3 Qxc4 0-1

[Event "2018 O2C Doeberl Cup Premier"]
[Site "Canberra, Australia"]
[Date "2018.03.30"]
[Round "3.14"]
[White "Johansen, Darryl K"]
[Black "Guo, Emma"]
[Result "1-0"]
[WhiteElo "2354"]
[BlackElo "2092"]
[PlyCount "47"]
[EventDate "2018.03.29"]

1. c4 g6 2. e4 Bg7 3. d4 d6 4. Nc3 Nf6 5. Be2 O-O 6. Nf3 c5 7. O-O cxd4 8. Nxd4
Nc6 9. Nc2 Bd7 10. Be3 Rc8 11. Rc1 Ne5 12. Na3 Bc6 13. f3 b6 14. Qd2 Qc7 15.
Nc2 Rfd8 16. Rfd1 Qb7 17. Nb4 Be8 18. b3 a5 19. Nbd5 Rc6 20. Nxf6+ Bxf6 21. Nd5
Nd7 22. f4 Nc5 23. e5 Bg7 24. Bf3 1-0

[Event "2018 O2C Doeberl Cup Premier"]
[Site "Canberra, Australia"]
[Date "2018.03.30"]
[Round "3.15"]
[White "Liu, Yi"]
[Black "Parle, Hughston"]
[Result "1/2-1/2"]
[WhiteElo "2322"]
[BlackElo "2033"]
[PlyCount "47"]
[EventDate "2018.03.29"]

1. d4 Nf6 2. Bg5 g6 3. Bxf6 exf6 4. g3 f5 5. Bg2 Bg7 6. e3 O-O 7. c4 d6 8. Ne2
Nd7 9. O-O Nf6 10. Nbc3 Re8 11. Qd3 c6 12. b4 Qe7 13. d5 cxd5 14. Bxd5 Ng4 15.
Nd4 Be6 16. Rac1 Rac8 17. Rfd1 Ne5 18. Qe2 a6 19. f4 Nxc4 20. Nxe6 fxe6 21.
Bxc4 Bxc3 22. Rxc3 d5 23. Rcc1 dxc4 24. Rxc4 1/2-1/2

[Event "2018 O2C Doeberl Cup Premier"]
[Site "Canberra, Australia"]
[Date "2018.03.30"]
[Round "3.16"]
[White "Ng, Clive"]
[Black "Brown, Andrew"]
[Result "0-1"]
[WhiteElo "2036"]
[BlackElo "2278"]
[PlyCount "116"]
[EventDate "2018.03.29"]

1. e4 e5 2. Nf3 Nc6 3. d4 exd4 4. Nxd4 Bc5 5. Nb3 Bb6 6. Nc3 Nge7 7. Qe2 O-O 8.
Be3 d6 9. O-O-O Be6 10. Kb1 Qd7 11. f3 f5 12. Nc5 Bxc5 13. Bxc5 Rae8 14. Ba3
fxe4 15. Nxe4 Nf5 16. Qd2 Ncd4 17. Ng5 Qa4 18. Nxe6 Rxe6 19. Bb4 Ne3 20. b3 Qc6
21. Bc4 Nxc4 22. Qxd4 Ne3 23. Bc3 Rf7 24. Rde1 Rfe7 25. Qd2 Qe8 26. Rc1 c5 27.
Qf2 d5 28. Bd2 d4 29. Bxe3 Rxe3 30. Rhd1 h6 31. Rd2 a5 32. Qf1 b5 33. a4 bxa4
34. Qc4+ Kh7 35. Qxc5 axb3 36. Qxd4 Rb7 37. cxb3 Qg6+ 38. Ka1 Rbxb3 39. Ra2 Qe6
40. Rd1 a4 41. f4 Ra3 42. Qd5 Qf6+ 43. Qd4 Qf7 44. Qd2 Qxf4 45. Qc2+ Kg8 46.
Rd8+ Kf7 47. Rd7+ Kf6 48. Qb2+ Qe5 49. Qxe5+ Kxe5 50. Re7+ Kf6 51. Rxe3 Rxe3
52. Rxa4 Re1+ 53. Kb2 Re2+ 54. Kc1 Rxg2 55. h4 Kg6 56. Kd1 Kh5 57. Ke1 Rg4 58.
Ra7 Kxh4 0-1

[Event "2018 O2C Doeberl Cup Premier"]
[Site "Canberra, Australia"]
[Date "2018.03.30"]
[Round "3.17"]
[White "Puccini, Jack"]
[Black "Jiang, Zhaoyi"]
[Result "1-0"]
[WhiteElo "2264"]
[BlackElo "2011"]
[PlyCount "63"]
[EventDate "2018.03.29"]

1. e4 e6 2. d4 d5 3. Nc3 Bb4 4. e5 c5 5. a3 Bxc3+ 6. bxc3 Ne7 7. Qg4 Qc7 8. Bd3
cxd4 9. Ne2 dxc3 10. Qxg7 Rg8 11. Qxh7 Qxe5 12. h4 Nbc6 13. Bf4 Qf6 14. Bg5 Qe5
15. f4 Qc7 16. h5 Bd7 17. h6 Qb6 18. Qxg8+ Nxg8 19. h7 Nce7 20. h8=Q O-O-O 21.
Qxc3+ Kb8 22. Rh8 Rc8 23. Qe5+ Ka8 24. Bxe7 Nxe7 25. Rxc8+ Nxc8 26. Qd4 Qa5+
27. Qb4 Qd8 28. Kd2 Nb6 29. Rh1 Nc4+ 30. Bxc4 dxc4 31. Kc1 a6 32. Rd1 1-0

[Event "2018 O2C Doeberl Cup Premier"]
[Site "Canberra, Australia"]
[Date "2018.03.30"]
[Round "3.18"]
[White "Kargosha, Bahman"]
[Black "Lo, Willis"]
[Result "0-1"]
[WhiteElo "2211"]
[BlackElo "2005"]
[Annotator "Paul"]
[PlyCount "46"]
[EventDate "2018.03.29"]

1. d4 d5 2. c4 c6 3. Nc3 Nf6 4. e3 Bf5 5. cxd5 cxd5 6. Qb3 Nc6 7. Qxb7 Bd7 8.
Qb3 Rb8 9. Qd1 e5 10. dxe5 Nxe5 11. Nge2 Qa5 12. Nf4 Bc6 13. Be2 Be7 14. O-O
O-O 15. Rb1 Rfd8 16. Bd2 Qc7 17. Qc2 Qb7 18. f3 Ng6 19. Nxg6 hxg6 20. Rfd1 Bd6
21. Bc1 Qc7 22. g3 Bc5 23. Rd3 Qe7 {...} 0-1

[Event "2018 O2C Doeberl Cup Premier"]
[Site "Canberra, Australia"]
[Date "2018.03.30"]
[Round "3.19"]
[White "Gong, Noah"]
[Black "Chan, Luis"]
[Result "0-1"]
[WhiteElo "1955"]
[BlackElo "2210"]
[PlyCount "66"]
[EventDate "2018.03.29"]

1. d4 d5 2. c4 c6 3. Nf3 e6 4. Nc3 dxc4 5. a4 Bb4 6. e4 b5 7. Bd2 a5 8. axb5
Bxc3 9. Bxc3 cxb5 10. b3 Bb7 11. d5 Nf6 12. Bxf6 Qxf6 13. e5 Qd8 14. d6 Nd7 15.
Qd4 Qb6 16. Qxb6 Nxb6 17. bxc4 Nxc4 18. Bxc4 bxc4 19. Kd2 Kd7 20. Rhb1 Bd5 21.
Rb5 a4 22. Ra3 f6 23. Rb4 Rhc8 24. Raxa4 Rxa4 25. Rxa4 fxe5 26. Nxe5+ Kxd6 27.
f4 c3+ 28. Kc2 Bxg2 29. Nc4+ Ke7 30. Ra7+ Kf8 31. Nd6 Rc6 32. Nf7 Be4+ 33. Kc1
Rb6 0-1

[Event "2018 O2C Doeberl Cup Premier"]
[Site "Canberra, Australia"]
[Date "2018.03.30"]
[Round "4.1"]
[White "Mu, Ke"]
[Black "Gareyev, Timur"]
[Result "0-1"]
[WhiteElo "2450"]
[BlackElo "2590"]
[PlyCount "76"]
[EventDate "2018.03.29"]

1. d4 f5 2. Nf3 g6 3. g3 Bg7 4. Bg2 c5 5. d5 Nf6 6. O-O b5 7. c4 Bb7 8. Nc3
bxc4 9. Nd2 O-O 10. Nxc4 d6 11. Rb1 a5 12. Bg5 Ba6 13. b3 Ng4 14. Qc2 Nd7 15.
h3 Nge5 16. Nd2 Rb8 17. Rfe1 h6 18. Be3 g5 19. f4 gxf4 20. Bxf4 Ng6 21. Rf1 a4
22. Be3 axb3 23. axb3 Bd4 24. Bxd4 cxd4 25. Na4 Bxe2 26. Rxf5 Nde5 27. Rxf8+
Qxf8 28. Qb2 Rb4 29. Ne4 Nf3+ 30. Kh1 Bd3 31. Nd2 Bxb1 32. Bxf3 Ne5 33. Bg2 Bg6
34. Qc1 Nd3 35. Qc7 Ne1 36. Kg1 Nxg2 37. Kxg2 Rxb3 38. Nb6 Be4+ 0-1

[Event "2018 O2C Doeberl Cup Premier"]
[Site "Canberra, Australia"]
[Date "2018.03.30"]
[Round "4.2"]
[White "Sengupta, Deep"]
[Black "Sukandar, Irine Kharisma"]
[Result "1-0"]
[WhiteElo "2579"]
[BlackElo "2408"]
[PlyCount "93"]
[EventDate "2018.03.29"]

1. e4 e5 2. Nf3 Nc6 3. Bb5 a6 4. Ba4 Nf6 5. O-O Be7 6. Re1 b5 7. Bb3 d6 8. c3
O-O 9. h3 Na5 10. Bc2 c5 11. d4 Nd7 12. dxe5 dxe5 13. Nbd2 Nc6 14. Nf1 Nb6 15.
Qe2 Be6 16. Ne3 Re8 17. Rd1 Qb8 18. Nd5 Bf8 19. Ng5 Ra7 20. Nxe6 Rxe6 21. a4 b4
22. a5 Nc8 23. Bd3 Nd6 24. Be3 Nb5 25. Bc4 bxc3 26. bxc3 Rb7 27. Qc2 Rg6 28.
Kh1 h6 29. Bc1 Kh8 30. Ne3 Qc7 31. Bd5 Rb8 32. Nc4 Nd6 33. Qa4 Nxc4 34. Bxc4
Rf6 35. Kg1 Rd8 36. Rxd8 Nxd8 37. Be3 Rd6 38. Bd5 Kh7 39. Qe8 Be7 40. Rb1 Bf6
41. Rb7 Nxb7 42. Bxf7 Qxf7 43. Qxf7 Nxa5 44. Bxc5 Rd1+ 45. Kh2 Ra1 46. Qd5 Ra4
47. Bb4 1-0

[Event "2018 O2C Doeberl Cup Premier"]
[Site "Canberra, Australia"]
[Date "2018.03.30"]
[Round "4.3"]
[White "Stojic, Dusan"]
[Black "Morris, James"]
[Result "0-1"]
[WhiteElo "2265"]
[BlackElo "2461"]
[PlyCount "58"]
[EventDate "2018.03.29"]

1. e4 e5 2. Nf3 Nc6 3. Bb5 a6 4. Ba4 d6 5. O-O Bd7 6. c3 g6 7. d4 Bg7 8. Be3
Nf6 9. Nbd2 Qe7 10. Re1 O-O 11. h3 Kh8 12. Bc2 Ng8 13. Nf1 Rae8 14. Ng3 Bc8 15.
a4 f5 16. exf5 gxf5 17. Nh5 Nf6 18. Bg5 Qf7 19. Nxf6 Bxf6 20. Bh6 Rg8 21. h4
Qg6 22. Bg5 Bxg5 23. hxg5 e4 24. Nh2 Qxg5 25. g3 d5 26. Kh1 f4 27. Rg1 Bh3 28.
Qc1 e3 29. fxe3 fxg3 0-1